Danmarks landsdele - Statistics

General Stats
  • This quiz has been taken 118 times
  • The average score is 6 of 11
Answer Stats
Answer % Correct
Nordjylland
81%
København By
66%
Nordsjælland
66%
Fyn
64%
Vestjylland
60%
Østjylland
59%
Sydjylland
56%
Vest- og Sydsjælland
43%
Østsjælland
36%
Bornholm
33%
Københavns Omegn
14%
No matching quizzes found
Score Distribution
Percent of People with Each Score
Percentile by Number Answered
Your Score History
You have not taken this quiz